LEADER 01240nam a2200289 i 4500 001 991003490499707536 008 180410s2017 it b 100 0 ita 020 $a9788891750778 035 $ab14341104-39ule_inst 040 $aBibl. Dip.le Aggr. Storia Società Studi sull'Uomo - Sez. Studi Storici$bita 082 04$a341.2309 245 00$a70 anni di storia dell'ONU, 60 anni di Italia all'ONU /$ca cura di Marco Mugnaini ; scritti di Franco Frattini ... [et al.] 246 33$a[Settanta] anni di storia dell'ONU, [sessanta] anni di Italia all'ONU 264 1$aMilano :$bFrancoAngeli,$c[2017] 300 $a365 p. ;$c23 cm. 490 0 $aPolitica/studi ;$v104 650 4$aNazioni Unite$xPartecipazione [dell'] Italia$xStoria 650 4$aNazioni Unite$xPartecipazione italiana 650 4$aNazioni Unite$y1945-1915 700 1 $aMugnaini, Marco 700 1 $aFrattini, Franco 907 $a.b14341104$b27-04-18$c10-04-18 912 $a991003490499707536 945 $aLE023 341.23 SET 1 1$g1$i2023000174388$lle023$og$pE38.00$q-$rl$s- $t0$u5$v1$w5$x0$y.i15843099$z10-04-18 996 $a70 anni di storia dell'ONU, 60 anni di Italia all'ONU$91505266 997 $aUNISALENTO 998 $ale023$b10-04-18$cm$da $e-$fita$git $h0$i0 LEADER 01562nam a2200349 i 4500 001 991004123529707536 008 090131s2003 it b 111 0 ita 020 $a8849507542 035 $ab13806300-39ule_inst 040 $aDip.to Filologia Class. e Scienze Filosofiche$bita 041 0 $aita$aeng$afre$ager$aspa 110 2 $aAccademia romanistica costantiniana$0240708 245 10$aAtti dell'Accademia romanistica costantiniana :$bXIV Convegno internazionale in memoria di Guglielmo Nocera /[a cura di G. Crifò e S. Giglio] 260 $aNapoli :$bEdizioni scientifiche italiane,$c2003 300 $a750 p. ;$c24 cm 440 0$a Pubblicazioni dell'Università degli studi di Perugia 500 $aIn testa al front. : Università degli studi di Perugia, Facoltà di giurisprudenza 504 $aContiene riferimenti bibliografici. Indice 546 $aTesti in inglese, francese, tedesco italiano e spagnolo 600 1 $aNocera, Guglielmo$xStudi in onore 630 04$aCodice teodosiano$vCongressi 650 4$aDiritto romano$vCongressi 700 1 $aNocera, Guglielmo 700 1 $aCrifò, Giuliano 700 1 $aGiglio, Stefano 710 2 $aUniversità di Perugia.$bFacoltà di giurisprudenza 907 $a.b13806300$b02-04-14$c30-01-09 912 $a991004123529707536 945 $aLE007 00 ARC 01$cv.14$g1$i2007000177150$lle007$op$pE58.30$q-$rl$s- $t0$u0$v0$w0$x0$y.i14924262$z02-02-09 996 $aAtti dell'Accademia romanistica costantiniana$9243398 997 $aUNISALENTO 998 $ale007$b30-01-09$cm$da $e-$fita$git $h0$i0 LEADER 03026nam 2200757 a 450 001 9910970335203321 005 20240516101845.0 010 $a9786613424914 010 $a9781283424912 010 $a1283424916 010 $a9789027281838 010 $a9027281831 035 $a(CKB)2560000000079372 035 $a(EBL)835003 035 $a(OCoLC)772845112 035 $a(SSID)ssj0000590008 035 $a(PQKBManifestationID)12205648 035 $a(PQKBTitleCode)TC0000590008 035 $a(PQKBWorkID)10665120 035 $a(PQKB)10148214 035 $a(MiAaPQ)EBC835003 035 $a(MiAaPQ)EBC5292181 035 $a(Au-PeEL)EBL835003 035 $a(CaPaEBR)ebr10524141 035 $a(CaONFJC)MIL4008871 035 $a(Au-PeEL)EBL5292181 035 $a(CaONFJC)MIL342491 035 $a(OCoLC)1028954171 035 $a(DE-B1597)720876 035 $a(DE-B1597)9789027281838 035 $a(EXLCZ)992560000000079372 100 $a20110919d2012 uy 0 101 0 $aeng 135 $aur|n|---||||| 181 $ctxt 182 $cc 183 $acr 200 00$aEnglish in Southeast Asia $efeatures, policy and language in use /$fedited by Ee-Ling Low, Azirah Hashim 205 $a1st ed. 210 $aAmsterdam ;$aPhiladelphia $cJohn Benjamins Pub. Co.$d2012 215 $a1 online resource (408 p.) 225 1 $aVarieties of English around the world (VEAW) ;$vv. G42 300 $aDescription based upon print version of record. 311 08$a9789027249029 311 08$a9027249024 320 $aIncludes bibliographical references and indexes. 327 $apt. 1. Features -- pt. 2. Policy (historical context & language planning) -- pt. 3. Language in use -- pt. 4. Bibliography. 330 $aThis volume provides a first systematic, comprehensive account of English in Southeast Asia (SEA) based on current research by leading scholars in the field. The volume first provides a systematic account of the linguistic features across all sub-varieties found within each country. It also has a section dedicated to the historical context and language planning policies to provide a background to understanding the development of the linguistic features covered in Part I and, finally, the vibrancy of the sociolinguistic and pragmatic realities that govern actual language in use in a wide variet 410 0$aVarieties of English around the world.$pGeneral series ;$vv. 42. 606 $aEnglish language$xVariation$zSoutheast Asia 606 $aLanguage policy$zSoutheast Asia 606 $aLanguage planning$zSoutheast Asia 615 0$aEnglish language$xVariation 615 0$aLanguage policy 615 0$aLanguage planning 676 $a427/.959 686 $aHF 563$2rvk 701 $aLow$b Ee Ling$01802150 701 $aAzirah Hashim$0994030 801 0$bMiAaPQ 801 1$bMiAaPQ 801 2$bMiAaPQ 906 $aBOOK 912 $a9910970335203321 996 $aEnglish in Southeast Asia$94347707 997 $aUNINA